Natural resources of developing countries: investigation, development, and rational utilization : report.

Kaydedildi:
Detaylı Bibliyografya
Müşterek Yazar: United Nations. Economic and Social Council. Advisory Committee on the Application of Science and Technology to Development
Materyal Türü: Kitap
Dil:English
Baskı/Yayın Bilgisi: New York ; United Nations, 1970.
Konular:
LEADER 01424nam a2200325 a 4500
001 c000182327
003 CARM
005 20050419173200.0
008 710225s1970 nyu b 000 0 eng
010 |a 71020801 //r863 
019 1 |a 78894  |5 LACONCORD2021 
035 |a (OCoLC)124425  |5 LACONCORD2021 
040 |a LC  |b eng  |c LC  |d NNCU:A 
043 |a d------ 
050 0 0 |a JX1977  |b .A2 E/4608/rev.1, ST/ECA/122 
051 |a HC59.7  |b .U482  |c Copy 2. 
082 0 4 |a 333.7/09172/4 
110 2 |a United Nations.  |b Economic and Social Council.  |b Advisory Committee on the Application of Science and Technology to Development. 
245 1 0 |a Natural resources of developing countries: investigation, development, and rational utilization :  |b report. 
260 |a New York ;  |b United Nations,  |c 1970. 
300 |a x, 174 p. ;  |c 23 cm. 
410 2 0 |a United Nations.  |t Document ;  |v E/4608/rev.1, ST/ECA/122 
500 |a At head of title: Department of Economic and Social Affairs. 
500 |a "United Nations publication. Sales no.:E.70.II.B.2." 
504 |a Bibliography: p. 166-174. 
650 0 |a Natural resources  |z Developing countries. 
651 0 |a Developing countries  |x Economic policy. 
852 8 |b CARM  |h A2:AL37G0  |i C06474  |p 0249338  |f BK 
999 f f |i 47c0cd24-4f19-5aad-8c13-15b69a7c2c0c  |s e91b461e-4c87-50f7-bb02-e3262ed8f933 
952 f f |p Can circulate  |a CAVAL  |b CAVAL  |c CAVAL  |d CARM 1 Store  |e C06474  |f A2:AL37G0  |h Other scheme  |i book  |m 0249338